01124nam a2200313 i 450000100060000000300090000600500170001500700030003200800410003502000180007608000220009408000150011610000220013124501100015326000580026330000330032149000560035449000420041050000150045250400320046763000260049965000820052565000260060770000260063371000310065983000560069083000420074685200220078812236ES-MaACL20250818232002.0t|920420s1990 sp a b |||| | spa j a84-87191-59-2 a017.1(460.285 T.) a016:22:0911 aReinhardt, Klaus.10aCatálogo de los códices bíblicos de la Catedral de Toledo / cKlaus Reinhardt, Ramón Gonzálvez. aMadrid : bCentro de Estudios Ramón Areces, c1990. a509 p : bil. col ; c29 cm.1 aMonumenta Ecclesiae Toletanae historica ; vserie 11 aRegesta et inventaria historica ; v2 aÍndices. aBibliografía: p. [23]-29.07aBiblia-vManuscritos. 4aManuscritos-zCatedral Primada de Toledo. Biblioteca Capitular-vCatálogos. 4aManuscritos miniados.1 aGonzálvez, Ramón.2 aFundación Ramón Areces0 aMonumenta Ecclesiae Toletanae historica ; vserie 10 aRegesta et inventaria historica ; v2 aES-MaACLjL-19628